[Event "ch-SCO"]
[Site "Edinburgh SCO"]
[Date "2009.07.19"]
[Round "9"]
[White "Mitchell,M"]
[Black "Parks,J"]
[Result "1-0"]
[WhiteElo "2147"]
[BlackElo "1919"]
[EventDate "2009.07.11"]

1. d4 d5 2. c4 e6 3. Nc3 c5 4. cxd5 exd5 5. Nf3 Nc6 6. g3 Nf6 7. Bg2 Be6 8.
O-O c4 9. Ng5 Be7 10. e4 dxe4 11. Nxe6 fxe6 12. Nxe4 Qxd4 13. Ng5 Qxd1 14.
Rxd1 e5 15. Be3 h6 16. Ne4 Rd8 17. Rxd8+ Kxd8 18. Rc1 Nd4 19. Kf1 b5 20. a4
a6 21. axb5 axb5 22. Ra1 Rf8 23. Ra8+ Kc7 24. Ra7+ Kd8 25. Rb7 b4 26. Bd2
Nc2 27. Rb5 Nd7 28. Bh3 Kc7 29. Bxd7 Kxd7 30. Rxe5 c3 31. bxc3 bxc3 32.
Bxc3 Ne3+ 33. Kg1 Nf5 34. Rd5+ Kc6 35. Rd2 Rf7 36. Kg2 Nd6 37. Nxd6 Bxd6
38. h4 Bc5 39. f4 Bb6 40. Be5 Ba5 41. Rd6+ Kc5 42. Rg6 Bc7 43. Rxg7 Rxg7
44. Bxg7 h5 45. Kf3 Kd5 46. f5 1-0

[Event "ch-SCO"]
[Site "Edinburgh SCO"]
[Date "2009.07.19"]
[Round "9"]
[White "McClement,A"]
[Black "Burnett,W"]
[Result "0-1"]
[WhiteElo "1893"]
[BlackElo "2018"]
[EventDate "2009.07.11"]

1. Nf3 Nc6 2. d4 d5 3. g3 Bg4 4. Bg2 f6 5. c4 e6 6. O-O Qd7 7. Nc3 Be7 8.
e3 Rd8 9. Qa4 Kf8 10. a3 dxc4 11. Qxc4 Na5 12. Qa2 b5 13. b4 Nc4 14. Nd2
Nxd2 15. Bxd2 e5 16. d5 h5 17. Rfc1 h4 18. e4 hxg3 19. hxg3 Bh3 20. Bf3 f5
21. Be3 f4 22. Bxa7 Qe8 23. Ne2 Qg6 24. Rxc7 Bg4 25. Bxg4 Qxg4 26. Kf1 Rh1+
27. Ng1 f3 28. Bc5 Rxg1+ 29. Kxg1 Qh3 30. Bxe7+ Nxe7 0-1

[Event "ch-SCO"]
[Site "Edinburgh SCO"]
[Date "2009.07.19"]
[Round "9"]
[White "Oswald,D"]
[Black "McDonald,I"]
[Result "1/2-1/2"]
[WhiteElo "1998"]
[BlackElo "1545"]
[EventDate "2009.07.11"]

1. e4 e5 2. Nf3 Nc6 3. Bc4 Bc5 4. b4 Bxb4 5. c3 Be7 6. d4 exd4 7. O-O Nf6
8. e5 Ne4 9. cxd4 d5 10. exd6 Nxd6 11. Bd3 Bg4 12. Re1 O-O 13. Be3 Bf6 14.
Nc3 Kh8 15. Be2 Nf5 16. Rc1 Bxf3 17. Bxf3 Nfxd4 18. Be4 Bg5 19. Qh5 h6 20.
Rcd1 Qf6 21. Bxc6 Bxe3 22. Rxe3 Nxc6 23. Nd5 Qg6 24. Qxg6 fxg6 25. Nxc7
Rad8 26. Red3 Rxd3 27. Rxd3 Rd8 28. Rxd8+ Nxd8 29. Kf1 Kg8 30. Ke2 Kf7 31.
Kd3 Nc6 32. Ke4 Ke7 33. a3 Kd7 34. Nb5 a6 35. Nc3 Kd6 36. Ne2 Kc5 37. Kd3
Ne5+ 38. Kc3 Nc4 39. Kb3 Nd2+ 40. Kc2 Nc4 41. Kb3 Nd2+ 1/2-1/2

[Event "ch-SCO"]
[Site "Edinburgh SCO"]
[Date "2009.07.19"]
[Round "9"]
[White "Will,Dou"]
[Black "Mollison,J"]
[Result "1-0"]
[WhiteElo "1975"]
[BlackElo "1892"]
[EventDate "2009.07.11"]

1. e4 e6 2. d3 b6 3. Nd2 Bb7 4. Ngf3 g6 5. g3 Bg7 6. Bg2 Ne7 7. O-O O-O 8.
Re1 d6 9. h4 h5 10. Ng5 Qd7 11. Bf3 f6 12. Nh3 Nbc6 13. Nf1 Kf7 14. Nf4 Ne5
15. Be2 Rh8 16. d4 Ng4 17. d5 exd5 18. exd5 Bh6 19. c4 Bxf4 20. Bxf4 Ne5
21. Nh2 Rag8 22. Bd2 Bc8 23. f4 Ng4 24. Bxg4 hxg4 25. Re6 Qd8 26. Bc3 Bxe6
27. dxe6+ Kxe6 28. Nxg4 f5 29. Nf6 c5 30. Qe2+ Kf7 31. Re1 a6 32. Qe6+ Kf8
33. Nxg8 Rxh4 34. Nxe7 Ke8 1-0